[Event "DEM U18w 2018"]
[Site "Willingen GER"]
[Date "2018.05.20"]
[Round "2"]
[White "Zell, Mirjam"]
[Black "Schmidt, Aliyah"]
[Result "1-0"]
[Termination "normal"]
[Board "12"]
[WhiteElo "1829"]
[BlackElo "1388"]
[WhiteClock "00:18:57"]
[BlackClock "00:16:20"]
[PlyCount "133"]
[WhiteFideId "16208544"]
[BlackFideId "16240103"]
[EventCountry "GER"]
[EventRounds "9"]
[EventType "swiss"]
[EventDate "2018.05.19"]

1. e4 {[%clk 1:30:56]} 1... c5 {[%clk 1:30:52]} 2. c4 {[%clk 1:31:19]} 2... Nc6
{[%clk 1:30:24]} 3. Nc3 {[%clk 1:31:26]} 3... Nf6 {[%clk 1:27:40]} 4. Nge2 {
[%clk 1:31:19]} 4... e6 {[%clk 1:25:22]} 5. g3 {[%clk 1:27:56]} 5... d5 { [%clk
1:24:17]} 6. cxd5 {[%clk 1:25:01]} 6... exd5 {[%clk 1:24:37]} 7. exd5 { [%clk
1:24:33]} 7... Nxd5 {[%clk 1:24:48]} 8. Bg2 {[%clk 1:24:37]} 8... Nxc3 { [%clk
1:20:04]} 9. bxc3 {[%clk 1:21:22]} 9... Bf5 {[%clk 1:18:01]} 10. O-O { [%clk
1:20:34]} 10... Qd7 {[%clk 1:14:50]} 11. Nf4 {[%clk 1:19:51]} 11... O-O-O
{[%clk 1:12:25]} 12. a4 {[%clk 1:10:50]} 12... g5 {[%clk 1:09:17]} 13. Nd5 {
[%clk 1:09:57]} 13... Bg7 {[%clk 1:02:22]} 14. a5 {[%clk 1:05:43]} 14... Be6 {
[%clk 0:57:13]} 15. Ne3 {[%clk 1:05:11]} 15... h5 {[%clk 0:46:08]} 16. a6 {
[%clk 1:03:23]} 16... b6 {[%clk 0:45:21]} 17. Qf3 {[%clk 0:56:36]} 17... Kc7 {
[%clk 0:40:19]} 18. Nc2 {[%clk 0:53:54]} 18... h4 {[%clk 0:36:43]} 19. d4 {
[%clk 0:49:00]} 19... Bd5 {[%clk 0:30:38]} 20. Qxd5 {[%clk 0:46:12]} 20... Qxd5
{[%clk 0:30:52]} 21. Bxd5 {[%clk 0:46:36]} 21... Rxd5 {[%clk 0:31:08]} 22. Ne3
{[%clk 0:44:57]} 22... Rd7 {[%clk 0:28:34]} 23. Nf5 {[%clk 0:38:31]} 23... Bf6
{[%clk 0:26:51]} 24. dxc5 {[%clk 0:37:29]} 24... bxc5 {[%clk 0:26:02]} 25. Ra3
{[%clk 0:36:54]} 25... Rd3 {[%clk 0:20:35]} 26. c4 {[%clk 0:22:25]} 26... Rxa3
{[%clk 0:20:48]} 27. Bxa3 {[%clk 0:22:47]} 27... Kb6 {[%clk 0:20:22]} 28. Rb1+
{[%clk 0:21:31]} 28... Nb4 {[%clk 0:18:42]} 29. Bxb4 {[%clk 0:20:37]} 29...
cxb4 {[%clk 0:19:05]} 30. Rxb4+ {[%clk 0:21:00]} 30... Kxa6 {[%clk 0:19:29]}
31. Ne3 {[%clk 0:13:53]} 31... hxg3 {[%clk 0:17:42]} 32. hxg3 {[%clk 0:13:14]}
32... Bd4 {[%clk 0:16:35]} 33. Nc2 {[%clk 0:09:24]} 33... Bc5 {[%clk 0:14:57]}
34. Rb5 {[%clk 0:09:01]} 34... Rc8 {[%clk 0:13:42]} 35. Kf1 {[%clk 0:08:54]}
35... f6 {[%clk 0:11:44]} 36. Ke2 {[%clk 0:07:52]} 36... Bb6 {[%clk 0:10:11]}
37. Nb4+ {[%clk 0:05:07]} 37... Kb7 {[%clk 0:10:33]} 38. Kd3 {[%clk 0:05:25]}
38... Rc5 {[%clk 0:07:16]} 39. f3 {[%clk 0:03:45]} 39... Rxb5 {[%clk 0:05:59]}
40. cxb5 {[%clk 0:04:07]} 40... Bf2 {[%clk 0:04:33]} 41. g4 {[%clk 0:03:49]}
41... Bg3 {[%clk 0:23:59]} 42. Nd5 {[%clk 0:33:59]} 42... Be5 {[%clk 0:24:19]}
43. Ke4 {[%clk 0:33:22]} 43... Ba1 {[%clk 0:19:55]} 44. Kf5 {[%clk 0:31:55]}
44... Bb2 {[%clk 0:19:24]} 45. Ke6 {[%clk 0:17:24]} 45... Bd4 {[%clk 0:17:52]}
46. Kd6 {[%clk 0:17:29]} 46... Be5+ {[%clk 0:16:57]} 47. Ke6 {[%clk 0:17:43]}
47... Bd4 {[%clk 0:17:15]} 48. Kf5 {[%clk 0:17:35]} 48... Be5 {[%clk 0:16:18]}
49. Nxf6 {[%clk 0:17:43]} 49... Bxf6 {[%clk 0:16:37]} 50. Kxf6 {[%clk 0:18:01]}
50... Kb6 {[%clk 0:17:01]} 51. Kxg5 {[%clk 0:18:07]} 51... Kxb5 {[%clk 0:17:11]
} 52. f4 {[%clk 0:18:28]} 52... a5 {[%clk 0:17:32]} 53. f5 {[%clk 0:18:38]}
53... a4 {[%clk 0:17:58]} 54. f6 {[%clk 0:19:03]} 54... a3 {[%clk 0:18:24]} 55.
f7 {[%clk 0:19:26]} 55... a2 {[%clk 0:18:49]} 56. f8=Q {[%clk 0:19:47]} 56...
a1=Q {[%clk 0:18:59]} 57. Qb8+ {[%clk 0:20:01]} 57... Kc6 {[%clk 0:17:54]} 58.
Qc8+ {[%clk 0:17:51]} 58... Kd6 {[%clk 0:17:49]} 59. Qf5 {[%clk 0:17:24]} 59...
Qc1+ {[%clk 0:16:59]} 60. Qf4+ {[%clk 0:17:03]} 60... Qxf4+ {[%clk 0:16:51]}
61. Kxf4 {[%clk 0:17:23]} 61... Ke6 {[%clk 0:16:46]} 62. Kg5 {[%clk 0:17:36]}
62... Kf7 {[%clk 0:16:36]} 63. Kh6 {[%clk 0:17:57]} 63... Kg8 {[%clk 0:15:28]}
64. g5 {[%clk 0:17:45]} 64... Kh8 {[%clk 0:15:47]} 65. g6 {[%clk 0:18:08]}
65... Kg8 {[%clk 0:16:01]} 66. g7 {[%clk 0:18:34]} 66... Kf7 {[%clk 0:16:20]}
67. Kh7 {[%clk 0:18:57]} 1-0

[Event "DEM U18w 2018"]
[Site "Willingen GER"]
[Date "2018.05.20"]
[Round "2"]
[White "Kolb, Verena"]
[Black "König, Emmilie"]
[Result "1-0"]
[Termination "normal"]
[Board "13"]
[WhiteElo "1665"]
[BlackElo "1539"]
[WhiteClock "00:28:18"]
[BlackClock "00:52:36"]
[PlyCount "51"]
[WhiteFideId "12992313"]
[BlackFideId "16218329"]
[EventCountry "GER"]
[EventRounds "9"]
[EventType "swiss"]
[EventDate "2018.05.19"]

1. e4 {[%clk 1:30:58]} 1... d6 {[%clk 1:30:55]} 2. d4 {[%clk 1:29:48]} 2... g6
{[%clk 1:31:20]} 3. Nf3 {[%clk 1:29:10]} 3... Bg7 {[%clk 1:31:44]} 4. Nc3 {
[%clk 1:23:59]} 4... Nf6 {[%clk 1:32:03]} 5. Bf4 {[%clk 1:23:39]} 5... Bg4 {
[%clk 1:32:08]} 6. h3 {[%clk 1:20:12]} 6... Bxf3 {[%clk 1:32:32]} 7. Qxf3 {
[%clk 1:16:55]} 7... c6 {[%clk 1:32:11]} 8. Bc4 {[%clk 1:15:13]} 8... Qa5 {
[%clk 1:29:39]} 9. O-O-O {[%clk 1:10:27]} 9... Nbd7 {[%clk 1:27:29]} 10. Rhe1 {
[%clk 1:07:03]} 10... O-O {[%clk 1:20:38]} 11. e5 {[%clk 0:57:13]} 11... Nh5 {
[%clk 1:08:49]} 12. exd6 {[%clk 0:56:38]} 12... exd6 {[%clk 1:05:04]} 13. Bxd6
{[%clk 0:56:19]} 13... Rfd8 {[%clk 1:01:38]} 14. Qxf7+ {[%clk 0:50:45]} 14...
Kh8 {[%clk 1:01:57]} 15. g4 {[%clk 0:42:31]} 15... Qg5+ 16. f4 {[%clk 0:39:50]}
16... Qf6 {[%clk 0:58:26]} 17. gxh5 {[%clk 0:38:38]} 17... Nb6 {[%clk 0:56:24]}
18. Be5 {[%clk 0:33:07]} 18... Qxf7 {[%clk 0:56:52]} 19. Bxf7 {[%clk 0:33:27]}
19... Rf8 {[%clk 0:55:57]} 20. hxg6 {[%clk 0:33:25]} 20... Bxe5 {[%clk 0:55:04]
} 21. fxe5 {[%clk 0:33:32]} 21... Kg7 {[%clk 0:55:12]} 22. Rg1 {[%clk 0:33:29]}
22... Rad8 {[%clk 0:53:59]} 23. Ne4 {[%clk 0:32:49]} 23... Rd7 {[%clk 0:52:45]}
24. Nc5 {[%clk 0:32:45]} 24... Re7 {[%clk 0:52:52]} 25. Rdf1 {[%clk 0:30:15]}
25... hxg6 {[%clk 0:52:36]} 26. Ne6+ {[%clk 0:28:18]} 1-0

[Event "DEM U18w 2018"]
[Site "Willingen GER"]
[Date "2018.05.21"]
[Round "3"]
[White "Sieber, Fiona"]
[Black "Köhler, Inken"]
[Result "1-0"]
[Termination "normal"]
[Board "1"]
[WhiteTitle "WIM"]
[WhiteElo "2234"]
[BlackElo "1879"]
[WhiteClock "00:17:44"]
[BlackClock "00:00:54"]
[PlyCount "75"]
[WhiteFideId "12902373"]
[BlackFideId "12929301"]
[EventCountry "GER"]
[EventRounds "9"]
[EventType "swiss"]
[EventDate "2018.05.19"]

1. e4 {[%clk 1:30:58]} 1... c5 {[%clk 1:30:54]} 2. Nf3 {[%clk 1:31:24]} 2...
Nc6 {[%clk 1:31:18]} 3. d4 {[%clk 1:31:49]} 3... cxd4 {[%clk 1:31:42]} 4. Nxd4
{[%clk 1:32:15]} 4... e5 {[%clk 1:31:54]} 5. Nb5 {[%clk 1:32:39]} 5... a6 {
[%clk 1:32:10]} 6. Nd6+ {[%clk 1:33:03]} 6... Bxd6 {[%clk 1:32:33]} 7. Qxd6 {
[%clk 1:33:29]} 7... Qf6 {[%clk 1:32:46]} 8. Qxf6 {[%clk 1:33:45]} 8... Nxf6 {
[%clk 1:33:02]} 9. Nc3 {[%clk 1:34:09]} 9... Nb4 {[%clk 1:32:55]} 10. Bd3 {
[%clk 1:34:14]} 10... Nxd3+ {[%clk 1:32:22]} 11. cxd3 {[%clk 1:34:39]} 11... h6
{[%clk 1:31:50]} 12. Be3 {[%clk 1:32:58]} 12... d6 {[%clk 1:30:58]} 13. d4 {
[%clk 1:27:04]} 13... b5 {[%clk 1:21:54]} 14. f3 {[%clk 1:06:36]} 14... Bb7 {
[%clk 1:16:24]} 15. Ke2 {[%clk 0:55:11]} 15... Rc8 {[%clk 1:12:23]} 16. Rhd1 {
[%clk 0:45:54]} 16... Ke7 {[%clk 1:07:39]} 17. Rd2 {[%clk 0:43:42]} 17... Rc4 {
[%clk 0:55:26]} 18. a4 {[%clk 0:39:39]} 18... b4 {[%clk 0:36:58]} 19. Na2 {
[%clk 0:39:56]} 19... b3 {[%clk 0:36:53]} 20. Nc3 {[%clk 0:36:43]} 20... Bc6 {
[%clk 0:33:20]} 21. dxe5 {[%clk 0:33:13]} 21... dxe5 {[%clk 0:25:41]} 22. Kd3 {
[%clk 0:33:21]} 22... Rd4+ {[%clk 0:21:05]} 23. Bxd4 {[%clk 0:33:44]} 23...
exd4 {[%clk 0:21:33]} 24. Kxd4 {[%clk 0:33:49]} 24... Rd8+ {[%clk 0:21:02]} 25.
Ke3 {[%clk 0:34:13]} 25... Rb8 {[%clk 0:18:53]} 26. Rad1 {[%clk 0:33:41]} 26...
Nd7 {[%clk 0:17:18]} 27. Rd4 {[%clk 0:31:49]} 27... Ne5 {[%clk 0:15:10]} 28. f4
{[%clk 0:31:11]} 28... Ng4+ {[%clk 0:11:33]} 29. Kf3 {[%clk 0:31:14]} 29... Nf6
{[%clk 0:09:03]} 30. g4 {[%clk 0:30:40]} 30... h5 {[%clk 0:06:51]} 31. g5 {
[%clk 0:30:09]} 31... Nd7 {[%clk 0:06:26]} 32. a5 {[%clk 0:25:31]} 32... Nf8 {
[%clk 0:04:20]} 33. Rc4 {[%clk 0:22:56]} 33... Bd7 {[%clk 0:01:42]} 34. Rc7 {
[%clk 0:19:12]} 34... Kd8 {[%clk 0:01:18]} 35. Ra7 {[%clk 0:19:00]} 35... Ke8 {
[%clk 0:01:25]} 36. f5 {[%clk 0:18:44]} 36... g6 {[%clk 0:01:29]} 37. Nd5 {
[%clk 0:17:37]} 37... Rd8 {[%clk 0:00:54]} 38. Nc7+ {[%clk 0:17:44]} 1-0

[Event "DEM U18w 2018"]
[Site "Willingen GER"]
[Date "2018.05.21"]
[Round "3"]
[White "Lange, Cecilia"]
[Black "Wächter, Nathalie"]
[Result "1-0"]
[Termination "normal"]
[Board "3"]
[WhiteElo "1929"]
[BlackElo "1954"]
[WhiteClock "00:15:10"]
[BlackClock "00:01:25"]
[PlyCount "73"]
[WhiteFideId "12976040"]
[BlackFideId "12921033"]
[EventCountry "GER"]
[EventRounds "9"]
[EventType "swiss"]
[EventDate "2018.05.19"]

1. e4 {[%clk 1:30:59]} 1... d5 {[%clk 1:30:47]} 2. exd5 {[%clk 1:31:22]} 2...
Nf6 {[%clk 1:31:13]} 3. Bb5+ {[%clk 1:31:45]} 3... Bd7 {[%clk 1:31:36]} 4. Be2
{[%clk 1:32:10]} 4... Nxd5 {[%clk 1:31:50]} 5. d4 {[%clk 1:32:01]} 5... Bf5 {
[%clk 1:29:29]} 6. Nf3 {[%clk 1:30:24]} 6... e6 {[%clk 1:28:24]} 7. a3 { [%clk
1:30:26]} 7... a5 {[%clk 1:25:06]} 8. O-O {[%clk 1:28:47]} 8... Nc6 { [%clk
1:25:26]} 9. h3 {[%clk 1:27:45]} 9... Be7 {[%clk 1:25:30]} 10. c4 { [%clk
1:27:22]} 10... Nb6 {[%clk 1:25:38]} 11. Nc3 {[%clk 1:27:11]} 11... Bf6 { [%clk
1:24:57]} 12. Be3 {[%clk 1:26:50]} 12... O-O {[%clk 1:23:33]} 13. Qd2 { [%clk
1:23:47]} 13... Qd7 {[%clk 1:22:54]} 14. Rad1 {[%clk 1:20:22]} 14... Rfd8
{[%clk 1:07:44]} 15. d5 {[%clk 1:15:26]} 15... Qc8 {[%clk 0:55:22]} 16. Bxb6 {
[%clk 1:05:55]} 16... cxb6 {[%clk 0:55:36]} 17. Na4 {[%clk 1:04:56]} 17... Rb8
{[%clk 0:30:44]} 18. Qe3 {[%clk 0:59:11]} 18... exd5 {[%clk 0:27:28]} 19. Nxb6
{[%clk 0:50:50]} 19... Qe6 {[%clk 0:22:54]} 20. cxd5 {[%clk 0:47:01]} 20...
Qxe3 {[%clk 0:23:14]} 21. fxe3 {[%clk 0:47:25]} 21... Ne7 {[%clk 0:22:06]} 22.
Nd2 {[%clk 0:42:21]} 22... Bc2 {[%clk 0:13:30]} 23. Rc1 {[%clk 0:40:36]} 23...
Bg6 {[%clk 0:13:51]} 24. Rxf6 {[%clk 0:36:42]} 24... gxf6 {[%clk 0:13:45]} 25.
Bf3 {[%clk 0:35:36]} 25... Nf5 {[%clk 0:09:29]} 26. Ndc4 {[%clk 0:33:21]} 26...
Kg7 {[%clk 0:08:43]} 27. Kf2 {[%clk 0:31:41]} 27... Re8 {[%clk 0:04:11]} 28. d6
{[%clk 0:27:07]} 28... Red8 {[%clk 0:01:05]} 29. d7 {[%clk 0:25:31]} 29... Nh4
{[%clk 0:01:29]} 30. Nxa5 {[%clk 0:22:03]} 30... Nxf3 {[%clk 0:01:45]} 31. gxf3
{[%clk 0:21:07]} 31... Bd3 {[%clk 0:01:41]} 32. Rc7 {[%clk 0:20:18]} 32... Kf8
{[%clk 0:01:18]} 33. Nxb7 {[%clk 0:19:14]} 33... Bf5 {[%clk 0:01:05]} 34. Nxd8
{[%clk 0:18:33]} 34... Rxd8 {[%clk 0:01:33]} 35. h4 {[%clk 0:15:53]} 35... Ke7
{[%clk 0:01:50]} 36. a4 {[%clk 0:15:31]} 36... Rb8 {[%clk 0:01:25]} 37. Rc8 {
[%clk 0:15:10]} 1-0

[Event "DEM U18w 2018"]
[Site "Willingen GER"]
[Date "2018.05.21"]
[Round "3"]
[White "Kail, Sindy"]
[Black "Rogozenco, Teodora"]
[Result "0-1"]
[Termination "normal"]
[Board "4"]
[BlackTitle "WFM"]
[WhiteElo "1819"]
[BlackElo "2090"]
[WhiteClock "00:01:04"]
[BlackClock "00:02:27"]
[PlyCount "80"]
[WhiteFideId "12988502"]
[BlackFideId "12938084"]
[EventCountry "GER"]
[EventRounds "9"]
[EventType "swiss"]
[EventDate "2018.05.19"]

1. e4 {[%clk 1:30:58]} 1... g6 {[%clk 1:30:22]} 2. d4 {[%clk 1:30:41]} 2... Bg7
{[%clk 1:30:44]} 3. Nc3 {[%clk 1:29:51]} 3... c6 {[%clk 1:31:07]} 4. h4 { [%clk
1:28:00]} 4... d5 {[%clk 1:25:06]} 5. Nge2 {[%clk 1:23:41]} 5... h5 { [%clk
1:12:26]} 6. f3 {[%clk 1:17:18]} 6... Nh6 {[%clk 0:51:06]} 7. Bg5 { [%clk
1:08:08]} 7... dxe4 {[%clk 0:50:31]} 8. Nxe4 {[%clk 1:07:23]} 8... Qb6 { [%clk
0:50:20]} 9. b3 {[%clk 0:59:25]} 9... Bf5 {[%clk 0:40:44]} 10. N4g3 { [%clk
0:53:14]} 10... c5 {[%clk 0:31:01]} 11. Be3 {[%clk 0:48:55]} 11... Nc6 { [%clk
0:25:51]} 12. dxc5 {[%clk 0:41:58]} 12... Qa5+ {[%clk 0:26:15]} 13. c3 { [%clk
0:42:19]} 13... Bxc3+ {[%clk 0:17:41]} 14. Nxc3 {[%clk 0:41:35]} 14... Qxc3+
{[%clk 0:18:06]} 15. Kf2 {[%clk 0:40:59]} 15... Qf6 {[%clk 0:04:39]} 16. Qc1
{[%clk 0:37:35]} 16... O-O-O {[%clk 0:04:10]} 17. Bc4 {[%clk 0:35:47]} 17...
Qg7 {[%clk 0:01:41]} 18. a3 {[%clk 0:09:47]} 18... Ng8 {[%clk 0:01:16]} 19.
Nxf5 {[%clk 0:08:50]} 19... gxf5 {[%clk 0:01:41]} 20. Qc2 {[%clk 0:08:53]}
20... Qe5 {[%clk 0:01:32]} 21. g3 {[%clk 0:06:29]} 21... Nf6 {[%clk 0:01:55]}
22. Rad1 {[%clk 0:06:17]} 22... Rdg8 {[%clk 0:01:26]} 23. Rhg1 {[%clk 0:06:21]}
23... Rg4 {[%clk 0:01:26]} 24. b4 {[%clk 0:06:01]} 24... Rhg8 {[%clk 0:01:52]}
25. Bf4 {[%clk 0:06:19]} 25... Ne4+ {[%clk 0:01:04]} 26. Ke3 {[%clk 0:03:32]}
26... Qf6 {[%clk 0:00:35]} 27. fxg4 {[%clk 0:03:13]} 27... e5 {[%clk 0:00:41]}
28. Bg5 {[%clk 0:02:18]} 28... Rxg5 {[%clk 0:00:56]} 29. gxf5 {[%clk 0:01:54]}
29... Rg4 {[%clk 0:01:15]} 30. Bd5 {[%clk 0:01:55]} 30... Nxg3 {[%clk 0:01:34]}
31. Bxc6 {[%clk 0:01:22]} 31... Qxc6 {[%clk 0:01:42]} 32. Rd6 {[%clk 0:01:22]}
32... Qb5 {[%clk 0:01:17]} 33. Rgd1 {[%clk 0:00:45]} 33... Nf1+ {[%clk 0:00:58]
} 34. Kf3 {[%clk 0:00:34]} 34... e4+ {[%clk 0:01:01]} 35. Kf2 {[%clk 0:00:44]}
35... Rg2+ {[%clk 0:01:15]} 36. Kxg2 {[%clk 0:00:43]} 36... Ne3+ { [%clk
0:01:41]} 37. Kg3 {[%clk 0:01:06]} 37... Nxc2 {[%clk 0:02:09]} 38. Kf4 { [%clk
0:01:23]} 38... e3 {[%clk 0:02:28]} 39. Rg1 {[%clk 0:00:55]} 39... e2 { [%clk
0:02:02]} 40. Rg8+ {[%clk 0:01:04]} 40... Kc7 {[%clk 0:02:27]} 0-1

[Event "DEM U18w 2018"]
[Site "Willingen GER"]
[Date "2018.05.21"]
[Round "3"]
[White "Halas, Julia"]
[Black "Diener, Carolin Valeria"]
[Result "0-1"]
[Termination "normal"]
[Board "5"]
[WhiteElo "1979"]
[BlackElo "1957"]
[WhiteClock "00:04:12"]
[BlackClock "00:06:30"]
[PlyCount "118"]
[WhiteFideId "12931810"]
[BlackFideId "24699063"]
[EventCountry "GER"]
[EventRounds "9"]
[EventType "swiss"]
[EventDate "2018.05.19"]

1. d4 {[%clk 1:30:57]} 1... Nf6 {[%clk 1:30:14]} 2. c4 {[%clk 1:31:17]} 2... c5
{[%clk 1:29:34]} 3. d5 {[%clk 1:31:29]} 3... b5 {[%clk 1:29:52]} 4. cxb5 {
[%clk 1:29:14]} 4... a6 {[%clk 1:29:57]} 5. b6 {[%clk 1:29:05]} 5... e6 { [%clk
1:29:55]} 6. Nc3 {[%clk 1:29:29]} 6... Bb7 {[%clk 1:30:10]} 7. e4 { [%clk
1:25:54]} 7... exd5 {[%clk 1:30:10]} 8. exd5 {[%clk 1:15:25]} 8... d6 { [%clk
1:30:26]} 9. a4 {[%clk 1:13:26]} 9... a5 {[%clk 1:29:39]} 10. Bb5+ { [%clk
1:12:07]} 10... Nbd7 {[%clk 1:30:00]} 11. Bg5 {[%clk 0:54:38]} 11... Be7 {[%clk
1:30:08]} 12. Bxf6 {[%clk 0:54:42]} 12... Bxf6 {[%clk 1:30:10]} 13. Qg4 {[%clk
0:54:27]} 13... h5 {[%clk 1:28:02]} 14. Qf5 {[%clk 0:53:58]} 14... g6 { [%clk
1:26:51]} 15. Bxd7+ {[%clk 0:53:57]} 15... Ke7 {[%clk 1:27:08]} 16. Qd3 { [%clk
0:51:38]} 16... Qxd7 {[%clk 1:24:48]} 17. Nge2 {[%clk 0:32:32]} 17... Rhe8
{[%clk 1:12:42]} 18. O-O {[%clk 0:28:32]} 18... Kf8 {[%clk 0:55:51]} 19. Qf3
{[%clk 0:27:55]} 19... Kg7 {[%clk 0:51:59]} 20. Nb5 {[%clk 0:24:31]} 20... Bd8
{[%clk 0:31:45]} 21. Rfe1 {[%clk 0:12:24]} 21... Bxb6 {[%clk 0:28:43]} 22. Qc3+
{[%clk 0:12:50]} 22... Kg8 {[%clk 0:24:38]} 23. Nf4 {[%clk 0:12:42]} 23... Ba6
{[%clk 0:15:30]} 24. Qg3 {[%clk 0:10:40]} 24... Bxb5 {[%clk 0:08:31]} 25. Nxh5
{[%clk 0:08:50]} 25... Qf5 {[%clk 0:08:42]} 26. Qxd6 {[%clk 0:08:39]} 26...
Qxh5 {[%clk 0:04:34]} 27. axb5 {[%clk 0:07:49]} 27... Reb8 { [%clk 0:02:11]}
28. Re5 {[%clk 0:05:01]} 28... Qh4 {[%clk 0:01:17]} 29. g3 { [%clk 0:05:06]}
29... Qd8 {[%clk 0:01:31]} 30. Qxd8+ {[%clk 0:01:49]} 30... Rxd8 {[%clk
0:01:57]} 31. Rd1 {[%clk 0:01:16]} 31... Rd6 {[%clk 0:02:05]} 32. h4 {[%clk
0:00:52]} 32... Rad8 {[%clk 0:01:44]} 33. Rg5 {[%clk 0:01:10]} 33... R8d7
{[%clk 0:00:52]} 34. h5 {[%clk 0:01:16]} 34... Bd8 {[%clk 0:00:38]} 35. Rg4
{[%clk 0:00:39]} 35... Kg7 {[%clk 0:00:47]} 36. Kg2 {[%clk 0:00:38]} 36... Rb7
{[%clk 0:00:53]} 37. hxg6 {[%clk 0:00:55]} 37... fxg6 {[%clk 0:01:17]} 38. f4
{[%clk 0:00:57]} 38... Rxb5 {[%clk 0:01:31]} 39. Rd2 {[%clk 0:01:04]} 39... Kf6
{[%clk 0:01:07]} 40. Rg5 {[%clk 0:01:01]} 40... c4 {[%clk 0:00:43]} 41. Re5
{[%clk 0:00:41]} 41... Kg7 {[%clk 0:27:14]} 42. g4 {[%clk 0:26:02]} 42... Bf6 {
[%clk 0:25:24]} 43. Re4 {[%clk 0:19:32]} 43... Rdxd5 {[%clk 0:24:26]} 44. Rxd5
{[%clk 0:19:14]} 44... Rxd5 {[%clk 0:24:50]} 45. Rxc4 {[%clk 0:19:01]} 45...
Rd2+ {[%clk 0:21:26]} 46. Kf3 {[%clk 0:19:02]} 46... Rxb2 {[%clk 0:21:25]} 47.
Rc7+ {[%clk 0:18:48]} 47... Kf8 {[%clk 0:21:00]} 48. Rc6 {[%clk 0:15:40]} 48...
Kf7 {[%clk 0:20:26]} 49. Rc7+ {[%clk 0:13:55]} 49... Be7 {[%clk 0:17:44]} 50.
Ra7 {[%clk 0:13:58]} 50... Rb3+ {[%clk 0:10:20]} 51. Ke4 {[%clk 0:12:49]} 51...
Rb4+ {[%clk 0:10:00]} 52. Ke5 {[%clk 0:12:39]} 52... a4 {[%clk 0:09:00]} 53. g5
{[%clk 0:11:53]} 53... Rb5+ {[%clk 0:09:06]} 54. Kd4 {[%clk 0:10:29]} 54... a3
{[%clk 0:09:13]} 55. Ke4 {[%clk 0:09:58]} 55... Ke6 {[%clk 0:07:30]} 56. Kf3 {
[%clk 0:08:55]} 56... Rf5 {[%clk 0:05:58]} 57. Ra6+ {[%clk 0:06:55]} 57... Bd6
{[%clk 0:06:18]} 58. Ke3 {[%clk 0:06:11]} 58... Rxf4 {[%clk 0:06:27]} 59. Ra5 {
[%clk 0:04:12]} 59... Rf5 {[%clk 0:06:30]} 0-1

[Event "DEM U18w 2018"]
[Site "Willingen GER"]
[Date "2018.05.21"]
[Round "3"]
[White "Ratay, Meike"]
[Black "Ley, Sabrina"]
[Result "0-1"]
[Termination "normal"]
[Board "6"]
[WhiteElo "1831"]
[BlackElo "1882"]
[WhiteClock "00:31:48"]
[BlackClock "00:21:01"]
[PlyCount "92"]
[WhiteFideId "12977608"]
[BlackFideId "12938130"]
[EventCountry "GER"]
[EventRounds "9"]
[EventType "swiss"]
[EventDate "2018.05.19"]

1. e4 1... c5 {[%clk 1:30:57]} 2. Nf3 d6 3. d4 cxd4 4. Nxd4 {[%clk 1:32:15]}
4... Nf6 {[%clk 1:32:13]} 5. Nc3 {[%clk 1:32:39]} 5... a6 {[%clk 1:32:39]} 6.
Be2 {[%clk 1:33:04]} 6... e5 {[%clk 1:32:38]} 7. Nf3 {[%clk 1:33:26]} 7... Be7
{[%clk 1:27:50]} 8. Bg5 {[%clk 1:33:37]} 8... Nbd7 {[%clk 1:23:12]} 9. a4 {
[%clk 0:00:10]} 9... h6 {[%clk 1:18:52]} 10. Be3 {[%clk 1:32:52]} 10... Qc7 {
[%clk 1:05:25]} 11. Nd2 {[%clk 1:23:37]} 11... Nc5 {[%clk 0:57:00]} 12. O-O
12... O-O {[%clk 0:49:28]} 13. a5 {[%clk 1:02:31]} 13... Qc6 {[%clk 0:37:12]}
14. Bf3 {[%clk 0:55:37]} 14... Be6 {[%clk 0:33:34]} 15. Qe2 {[%clk 0:54:02]}
15... Rac8 {[%clk 0:17:39]} 16. Rfc1 {[%clk 0:44:08]} 16... Rfd8 { [%clk
0:15:30]} 17. Bxc5 {[%clk 0:40:39]} 17... dxc5 {[%clk 0:09:00]} 18. Nf1 { [%clk
0:36:14]} 18... c4 {[%clk 0:06:22]} 19. Ne3 {[%clk 0:35:13]} 19... Bc5 { [%clk
0:04:51]} 20. Ned5 {[%clk 0:28:07]} 20... Bxd5 {[%clk 0:04:53]} 21. exd5 {[%clk
0:27:03]} 21... Qc7 {[%clk 0:04:14]} 22. Ra4 {[%clk 0:24:19]} 22... Bd4 {[%clk
0:03:14]} 23. Rd1 {[%clk 0:21:59]} 23... Qc5 {[%clk 0:01:23]} 24. Qe1 { [%clk
0:19:19]} 24... Re8 {[%clk 0:00:44]} 25. Be2 {[%clk 0:16:18]} 25... Bxc3 {[%clk
0:01:00]} 26. Qxc3 {[%clk 0:16:21]} 26... Ne4 {[%clk 0:00:41]} 27. Qe3 { [%clk
0:13:16]} 27... Qxe3 {[%clk 0:00:51]} 28. fxe3 {[%clk 0:13:45]} 28... Nd6
{[%clk 0:01:02]} 29. Rda1 {[%clk 0:09:28]} 29... Rc5 {[%clk 0:01:10]} 30. R1a3
{[%clk 0:08:19]} 30... Rec8 {[%clk 0:01:02]} 31. Rc3 {[%clk 0:08:23]} 31...
Rxd5 {[%clk 0:01:09]} 32. Bxc4 {[%clk 0:08:29]} 32... Nxc4 {[%clk 0:00:42]} 33.
Raxc4 {[%clk 0:07:54]} 33... Rxc4 {[%clk 0:01:11]} 34. Rxc4 {[%clk 0:08:23]}
34... Rxa5 {[%clk 0:01:32]} 35. Rc8+ {[%clk 0:05:55]} 35... Kh7 {[%clk 0:02:01]
} 36. Rc7 {[%clk 0:06:19]} 36... Rb5 {[%clk 0:02:26]} 37. b3 {[%clk 0:06:45]}
37... Kg6 {[%clk 0:02:25]} 38. Kf2 {[%clk 0:07:01]} 38... Kf6 {[%clk 0:01:31]}
39. e4 {[%clk 0:05:13]} 39... Ke6 {[%clk 0:01:05]} 40. Ke3 {[%clk 0:04:50]}
40... Rb6 {[%clk 0:00:50]} 41. Kd3 {[%clk 0:03:01]} 41... Rd6+ {[%clk 0:23:42]}
42. Kc4 {[%clk 0:30:48]} 42... Rc6+ {[%clk 0:20:56]} 43. Rxc6+ {[%clk 0:31:13]}
43... bxc6 {[%clk 0:21:25]} 44. Kc5 {[%clk 0:31:34]} 44... f5 {[%clk 0:20:28]}
45. exf5+ {[%clk 0:31:23]} 45... Kxf5 {[%clk 0:20:48]} 46. Kc4 {[%clk 0:31:48]}
46... Ke4 {[%clk 0:21:01]} 0-1